| 000 | 00644nam a2200205Ia 4500 | ||
|---|---|---|---|
| 003 | IN-BaIIA | ||
| 008 | 211028s9999 xx 000 0 eng d | ||
| 020 | _a90-277-0957-2 | ||
| 040 | _cIIA Library | ||
| 080 |
_a52-77 _bKRU |
||
| 100 |
_aKruger, A _911097 |
||
| 245 | 0 |
_aIntroduction to solar radio astronomy and radio physics _cA. Kruger |
|
| 260 |
_aDordrecht _bD. Reidel Publishing _c1970 |
||
| 300 | _axiii, 330p. | ||
| 650 | _aAstronomy and astrophysics thesaurus | ||
| 650 |
_aRadio astronomy _92849 |
||
| 650 |
_aRadio physics _911098 |
||
| 650 |
_aRadio sources _93666 |
||
| 942 | _cBK | ||
| 999 |
_c6465 _d6465 |
||